Foreign aid, self-reliance, and economic development in West Africa / (Record no. 11240)

MARC details
000 -LEADER
fixed length control field 01011nam a2200289 4500
001 - CONTROL NUMBER
control field 000
003 - CONTROL NUMBER IDENTIFIER
control field 000
005 - DATE AND TIME OF LATEST TRANSACTION
control field 20150702161414.0
008 - FIXED-LENGTH DATA ELEMENTS--GENERAL INFORMATION
fixed length control field 960221s1996 ctu b 001 0 eng
010 ## - LIBRARY OF CONGRESS CONTROL NUMBER
LC control number 96010425
020 ## - INTERNATIONAL STANDARD BOOK NUMBER
International Standard Book Number 027595501X (hardcover : alk. paper)
040 ## - CATALOGING SOURCE
Original cataloging agency UOEL
Transcribing agency DLC
Modifying agency DLC
043 ## - GEOGRAPHIC AREA CODE
Geographic area code fw-----
050 00 - LIBRARY OF CONGRESS CALL NUMBER
Classification number HC1000
Item number .O43 1996
082 00 - DEWEY DECIMAL CLASSIFICATION NUMBER
Classification number 338.966
Edition number 20
100 1# - MAIN ENTRY--PERSONAL NAME
Personal name Olaniyan, R. Omotayo.
245 10 - TITLE STATEMENT
Title Foreign aid, self-reliance, and economic development in West Africa /
Statement of responsibility, etc. R. Omotayo Olaniyan.
260 ## - PUBLICATION, DISTRIBUTION, ETC. (IMPRINT)
Place of publication, distribution, etc. Westport, Conn. :
Name of publisher, distributor, etc. Praeger,
Date of publication, distribution, etc. 1996.
300 ## - PHYSICAL DESCRIPTION
Extent xiv, 204 p. ;
Dimensions 24 cm.
504 ## - BIBLIOGRAPHY, ETC. NOTE
Bibliography, etc Includes bibliographical references (p. [187]-195) and index.
650 #0 - SUBJECT ADDED ENTRY--TOPICAL TERM
Topical term or geographic name as entry element Economic assistance
Geographic subdivision Africa, West.
Topical term or geographic name as entry element Sustainable development
Geographic subdivision Africa, West.
651 #0 - SUBJECT ADDED ENTRY--GEOGRAPHIC NAME
Geographic name Africa, West
General subdivision Economic policy.
906 ## - LOCAL DATA ELEMENT F, LDF (RLIN)
a 7
b cbc
c orignew
d 1
e ocip
f 19
g y-gencatlg
942 ## - ADDED ENTRY ELEMENTS (KOHA)
Source of classification or shelving scheme Library of Congress Classification
Koha item type Loan - Normal on open shelf
Holdings
Withdrawn status Lost status Source of classification or shelving scheme Damaged status Not for loan Home library Current library Shelving location Date acquired Total Checkouts Full call number Barcode Date last seen Copy number Price effective from Koha item type
    Library of Congress Classification     UOE Main Library UOE Main Library Open shelf 02/07/2015   HC1000 .O43 1996 20009599 27/04/2026 20009599 02/07/2015 Loan - Normal on open shelf